00722nam a2200181 a 450000500170000000800410001702000180005805000260007624500410010225000310014326000540017430000250022844000240025365000340027799900190031195201050033095201050043520140412111304.0001111s19uu xx 00 eng d a0-15-330017-5 aTR(GS 428.6bHBJ 19_? aRainbows /cBernice Cullinan, et.al. aTeacher's anotated edition aOrlando :bHarcourt Brace Jovanovich, Inc,c1989. a634 p. ; col. ; ill. aHBJ Reading Program aReading -- study and teaching c103591d103591 001040aELbELcTRd2000-11-11l0oTR(GS 428.6 HBJ 19_?pE5423r2014-04-12 00:00:00w2014-04-12yBK 001040aELbELcTRd2000-11-17l0oTR(GS 428.6 HBJ 19_?pE5424r2014-04-12 00:00:00w2014-04-12yBK